LEADER 01493nam 2200397 450 001 9910131557803321 005 20240207193905.0 010 $a1-55441-836-4 024 7 $a10.1522/cla.lad.inu 035 $a(CKB)3680000000168483 035 $a(NjHacI)993680000000168483 035 $a(EXLCZ)993680000000168483 100 $a20240207d2005 uy 0 101 0 $afre 135 $aur||||||||||| 181 $ctxt$2rdacontent 182 $cc$2rdamedia 183 $acr$2rdacarrier 200 14$aLes inuit du Que?bec /$fDenis Lachance 210 1$a[Place of publication not identified] :$cJ.-M. Tremblay,$d2005. 215 $a1 online resource 225 1 $aClassiques des sciences sociales 327 $aIntroduction--1. De l'arche?ologie a? l'ethnographie--2. Socie?te? traditionnelle des Inuit--3. Agents et processus de changement--4. Les Inuit du Nouveau-Que?bec dans les anne?es 70--Figure 16.1 Viande se?chant sur un trai?neau. Inuit du Nouveau-Que?bec, (photo Louis-Jacques Dorais).--Figure 16.2 Inuk de Koortac. Nouveau-Que?bec, (photo Louis-Jacques Dorais).--Bibliographie. 410 0$aClassiques des sciences sociales. 606 $aInuit$zCanada 606 $aInuit$xHistory 615 0$aInuit 615 0$aInuit$xHistory. 676 $a971.90049712 700 $aLachance$b Denis$0972578 801 0$bNjHacI 801 1$bNjHacl 906 $aBOOK 912 $a9910131557803321 996 $aLes inuit du Québec$92212109 997 $aUNINA LEADER 01797nas 2200385 n 450 001 990008967710403321 005 20240229084617.0 011 $a0748-4305 035 $a000896771 035 $aFED01000896771 035 $a(Aleph)000896771FED01 035 $a000896771 091 $2CNR$aP 00041433 100 $a20161109a19819999km-y0itaa50------ba 101 0 $aeng 110 $aauu-------- 200 1 $a<>George Washington journal of international law and economics 207 1$a1981- 210 $aWashington$cNational Law Center, George Washington University 430 0$12001$aThe Journal of international law and economics 530 0 $a<>George Washington journal of international law and economics 675 $a341 675 $a33 676 $a341.7/5/05 712 02$aGeorge Washington University 801 0$aIT$bACNP$c20090723 859 4 $uhttp://acnp.cib.unibo.it/cgi-ser/start/it/cnr/dc-p1.tcl?catno=29495&person=false&language=ITALIANO&libr=&libr_th=unina1$zBiblioteche che possiedono il periodico 901 $aSE 912 $a990008967710403321 958 $aBiblioteca del Dipartimento di Diritto dell'Economia. Università di Napoli Federico II$b1985;1987-1994;1997-1998;$c1994;1997-1998;$e3/67$fDEC 959 $aDEC 996 $aGeorge Washington journal of international law and economics$9795920 997 $aUNINA AP1 8 $6866-01$aNA032 Biblioteca del Dipartimento di Diritto dell'Economia. Università di Napoli Federico II$b3/67$evia Cintia, Compl. Univ. Monte S. Angelo, 80126 Napoli (NA)$m081 675190 081 675122$m081 675123$nit AP2 40$aacnp.cib.unibo.it$nACNP Italian Union Catalogue of Serials$uhttp://acnp.cib.unibo.it/cgi-ser/start/it/cnr/df-p.tcl?catno=29495&language=ITALIANO&libr=&person=&B=1&libr_th=unina&proposto=NO LEADER 04496nam 22006495 450 001 9910255055703321 005 20250825123921.0 010 $a3-662-54893-3 024 7 $a10.1007/978-3-662-54893-6 035 $a(PPN)286823918 035 $a(CKB)3710000001632748 035 $a(DE-He213)978-3-662-54893-6 035 $a(MiAaPQ)EBC5578045 035 $a(EXLCZ)993710000001632748 100 $a20170803d2017 u| 0 101 0 $aeng 135 $aurnn#008mamaa 181 $ctxt$2rdacontent 182 $cc$2rdamedia 183 $acr$2rdacarrier 200 10$aApplied General Equilibrium $eAn Introduction /$fby Manuel Alejandro Cardenete, Ana-Isabel Guerra, Ferran Sancho 205 $a2nd ed. 2017. 210 1$aBerlin, Heidelberg :$cSpringer Berlin Heidelberg :$cImprint: Springer,$d2017. 215 $a1 online resource (XVI, 176 p. 9 illus., 7 illus. in color.) 225 1 $aSpringer Texts in Business and Economics,$x2192-4333 311 08$a3-662-54892-5 320 $aIncludes bibliographical references and index. 327 $aIntroduction -- An Overview of General Equilibrium Theory -- A Simple General Equilibrium Model -- A General Equilibrium Model with a Government Sector -- Further Extensions of the Model: External Sector, Labor Market, Consumption Technology and Welfare Evaluation -- Data Base and Model Calibration -- Real-World Examples of Applied General Equilibrium Analysis. 330 $aThis advanced textbook provides a straightforward but comprehensive introduction to applied general equilibrium modeling. General equilibrium is the backbone of modern economic analysis, which is why generation after generation of economics students have been introduced to it. As an analytical tool, general equilibrium can provide one of the most complete views of a given economy, as it incorporates all economic agents (households, firms, government and the foreign sector) in an integrated way that explicitly reveals the interplay of economic forces?supply and demand?and the balancing role of prices.  Applied general equilibrium goes one step further in modeling, since it entails the integration of microeconomic theory, data handling and computing. This integration is essential for successful empirical modeling, but also involves various abilities that are not found in standard books. This book fills the gap, providing advanced students with the required tools, from the construction of consistent and applicable general equilibrium models to the interpretation of the results that ensue from the adoption of policies. This second edition expands the range of topics covered, including: indispensable general equilibrium theory, step-by-step model design, incremental model extensions, a wealth of sample computer code, procedures for constructing economic databases, database adjustments and database updating algorithms, numerical model calibration, policy strategies and their trade-offs and welfare effects, and a discussion of empirical policy examples. 410 0$aSpringer Texts in Business and Economics,$x2192-4333 606 $aEconomics 606 $aMicroeconomics 606 $aEconomic policy 606 $aEconomics 606 $aEconomic Theory/Quantitative Economics/Mathematical Methods$3https://scigraph.springernature.com/ontologies/product-market-codes/W29000 606 $aMicroeconomics$3https://scigraph.springernature.com/ontologies/product-market-codes/W31000 606 $aPolitical Economy/Economic Systems$3https://scigraph.springernature.com/ontologies/product-market-codes/W46000 606 $aEconomic Policy$3https://scigraph.springernature.com/ontologies/product-market-codes/W34010 615 0$aEconomics. 615 0$aMicroeconomics. 615 0$aEconomic policy. 615 0$aEconomics. 615 14$aEconomic Theory/Quantitative Economics/Mathematical Methods. 615 24$aMicroeconomics. 615 24$aPolitical Economy/Economic Systems. 615 24$aEconomic Policy. 676 $a339.5 700 $aCardenete$b M. Alejandro$g(Manuel Alejandro),$4aut$4http://id.loc.gov/vocabulary/relators/aut$01357342 702 $aGuerra$b Ana-Isabel$4aut$4http://id.loc.gov/vocabulary/relators/aut 702 $aSancho$b Ferran$4aut$4http://id.loc.gov/vocabulary/relators/aut 801 0$bMiAaPQ 801 1$bMiAaPQ 801 2$bMiAaPQ 906 $aBOOK 912 $a9910255055703321 996 $aApplied General Equilibrium$93363157 997 $aUNINA